| 000 | 00554nam a2200217 a 4500 | ||
|---|---|---|---|
| 001 | BRCA_6563 | ||
| 005 | 20190320205514.0 | ||
| 008 | 300911s1911----gw-#######---#000-0#ger-# | ||
| 041 | _ager | ||
| 044 | _agw | ||
| 050 | 4 |
_aML410 _b.W1 W34 _c1911 |
|
| 100 | 1 |
_aWagner, Richard _d1813-1883 _915926 |
|
| 245 | 1 | 0 |
_aMein Leben _cvon Richard Wagner. |
| 260 |
_aMúnich _bF. Bruckmann _c1911 |
||
| 300 |
_a2 v. _c26 cm. |
||
| 500 | _aL106 | ||
| 650 | 1 | 4 |
_aMúsicos alemanes _916373 |
| 650 | 1 | 4 |
_aCompositores alemanes _916374 |
| 902 | _aGFM | ||
| 942 |
_2lcc _cB |
||
| 999 |
_c6247 _d6247 |
||